Omnivore Animals - Sudden Death - Statistics

General Stats
  • This quiz has been taken 154 times
  • The average score is 4 of 15
Answers on the Grid
Answers color-coded by a green-red scale on the quiz's grid according to % correct below.
Rats
Elephants
Hyenas
Chimpanzees
Groundhogs
Pigs
Raccoons
Cows
Sloths
Dragonflies
Bears
Horses
Wolves
Ducks
Pandas
Worms
Lions
Crows
Orcas
Deer
Rabbits
Cheetahs
Squirrels
Foxes
Cockroaches
Penguin
Ladybugs
Goats
Giraffes
Skunks
 
Answer Stats
Answer % Correct
Rats
69%
Pigs
52%
Chimpanzees
49%
Bears
48%
Raccoons
48%
Cockroaches
25%
Foxes
25%
Crows
23%
Ducks
19%
Squirrels
18%
Groundhogs
17%
Skunks
17%
Pandas
16%
Worms
12%
Sloths
9%
No matching quizzes found
Score Distribution
Percent of People with Each Score
Percentile by Number Answered
Your Score History
You have not taken this quiz